| 000 | 00779nam a2200241Ia 4500 | ||
|---|---|---|---|
| 003 | OSt | ||
| 005 | 20260507144846.0 | ||
| 008 | 210210b1960 xxu||||| |||| 00| 0 eng d | ||
| 040 | _cAL | ||
| 041 | _aSanskrit | ||
| 082 | _aS891.1 VARS | ||
| 100 |
_aVARADACHARYA (K S), Ed. _dवरदाचार्य (के.एस.) _9263500 |
||
| 245 |
_aSrimadvalmikiramayana-Ayodhya I V2 _bश्रिमद्वाल्मीकी रामायणम् : अयोध्याकाण्ड |
||
| 260 |
_aMysore _bOriental research institute _c1960 |
||
| 300 | _a520 | ||
| 440 |
_a2 _9263501 |
||
| 650 |
_aV2 _9263502 |
||
| 650 |
_aSrimadvalmikiramayana-Ayodhya _9263503 |
||
| 650 |
_aI _9263504 |
||
| 690 |
_aSanskrit Poetry _9263505 |
||
| 906 | _a045821 | ||
| 942 |
_2ddc _cBK |
||
| 999 |
_c95087 _d95087 |
||